000 00422nam a2200157Ia 4500
008 230312s9999||||xx |||||||||||||| ||und||
020 _a81-239-0985-3
082 _a621.312
_bNAI-H
100 _aNaidu,B.S.K
245 0 _aHydro Power
260 _bCBS Publishers & Distributions
_aIndia
_c2003
300 _a379
546 _aEng.
650 _aEngineering
_vHydro Power Policy and Vision,Enviromental Issues
942 _cBK
999 _c1485
_d1485